00943nam a2200205Ia 4500003000900000008004100009020001800050040001600068080002100084111007300105245030500178260006100483300001400544490003300558650002700591650004100618650001200659700002600671710004000697IN-BaIIA211028s9999 xx 000 0 eng d a0-937707-40-6 cIIA Library a082.2:52bASP-21 aWorkshop on The Space Distribution of QuasarscCanadad1991 June 3-5 4aThe space distribution of quasarsbproceedings of a workshop held as part of the 75th anniversary celebrations of the National Research Council of Canada, at the Dominion Astrophysical Observatory, Victoria, Canada, June 3rd to 5th, 1991cedited by David Crampton  aSan FranciscobAstronomical Society of the Pacificc1991 axv, 401p. aASP conference series; v. 21 aActive galactic nuclei aAstronomy and Astrophysics Thesaurus aQuasars aCrampton, David., ed. aNational Research Council of Canada